| 000 | 00655nam a22002177a 4500 | ||
|---|---|---|---|
| 003 | SISC | ||
| 005 | 20170130110549.0 | ||
| 008 | 131216b xxu||||| |||| 00| 0 eng d | ||
| 020 | _a9781848601642 | ||
| 050 |
_aHF 5385 _b.W527 2012 |
||
| 100 | _aWestern, Simon. | ||
| 245 |
_aCoaching and mentoring : _ba critical text / _cSimon Western. |
||
| 260 |
_aLondon : _bSAGE, _c2012. |
||
| 300 |
_a331 pages : _billustrations ; _c25 cm. |
||
| 504 | _aIncludes Bibliographic References and Index. | ||
| 650 | _aMentoring in business. | ||
| 650 |
_aEmployees _xCoaching of. |
||
| 650 | _aPersonal coaching. | ||
| 942 |
_2lcc _cBK _kFOR |
||
| 999 |
_c25815 _d25815 |
||